Porovnanie konkurencieschopnosti krajín Vyšehradskej skupiny

Makroekonomická konkurencieschopnosť a spôsoby jej merania. Piliere konkurencieschopnosti podľa Global competitiveness report. Komparácia krajín Vyšehradskej skupiny podľa výsledkov indexu globálnej konkurencieschopnosti. Konkurenčné výhody a nedostatky krajín V4 v jednotlivých oblastiach ekonomiky...

Descripción completa

Guardado en:
Detalles Bibliográficos
Autor principal: Přívarová, Magdaléna, 1955-
Formato: Capítulo de libro
Lenguaje:eslovaco
Materias:
Etiquetas: Agregar Etiqueta
Sin Etiquetas, Sea el primero en etiquetar este registro!

MARC

LEADER 00000nla a2200000 4500
001 0225744
005 20240712104237.6
041 0 |a slo 
044 |a SK 
245 1 0 |a Porovnanie konkurencieschopnosti krajín Vyšehradskej skupiny  |c Magdaléna Přívarová 
520 |a Makroekonomická konkurencieschopnosť a spôsoby jej merania. Piliere konkurencieschopnosti podľa Global competitiveness report. Komparácia krajín Vyšehradskej skupiny podľa výsledkov indexu globálnej konkurencieschopnosti. Konkurenčné výhody a nedostatky krajín V4 v jednotlivých oblastiach ekonomiky – aktuálny vývoj. 
610 2 0 |a konkurencia 
610 2 0 |a konkurencieschopnosť 
610 2 0 |a výhody konkurenčné 
610 2 0 |a Vyšehradská štvorka 
610 2 0 |a porovnanie medzinárodné 
610 2 0 |a indexy 
100 1 |a Přívarová, Magdaléna, 1955-